[Event "BL2-W 9495"]
[Site "GER"]
[Date "1995.??.??"]
[Round "?"]
[White "Michalczak, Thomas"]
[Black "Straeter, Timo"]
[Result "1-0"]
[WhiteElo "2330"]
[BlackElo "2315"]
[PlyCount "111"]
[EventDate "1994.10.??"]
[Source "www.chesslib.no"]
[SourceDate "2004.05.04"]

1. e4 e5 2. Nf3 Nc6 3. Bc4 Bc5 4. b4 Bb6 5. a4 a6 6. Nc3 d6 7. Nd5 Ba7 8. d3 Bg4 9. h3 Bh5 10. c3 Nce7 11. Ne3 Nf6 12. g4 Bg6 13. Nf5 Bxf5 14. gxf5 d5 15. exd5 Nexd5 16. Rg1 Qd7 17. Nxe5 Qxf5 18. d4 Qxh3 19. Be3 Nxe3 20. Bxf7+ Kf8 21. Qb3 Ng2+ 22. Rxg2 Qxg2 23. Bg8 Qh1+ 24. Kd2 Qh6+ 25. Kc2 Qh5 26. Rh1 Qf5+ 27. Kb2 Nxg8 28. Rh3 Qxf2+ 29. Ka3 Ke7 30. Rf3 Qxf3 31. Nxf3 Nh6 32. Qd5 Nf7 33. Qxb7 Rhc8 34. Qd5 Kf8 35. Qf5 Kg8 36. a5 Re8 37. Qd7 Rac8 38. Kb3 h6 39. Nh4 Red8 40. Qe6 Re8 41. Qxa6 Bb8 42. Qg6 Nd6 43. b5 Re1 44. Nf3 Re3 45. Ne5 Rf8 46. Qe6+ Kh7 47. Qg6+ Kh8 48. Qg1 Nf5 49. Ng6+ Kg8 50. Nxf8 Kxf8 51. Qg4 g6 52. Qxg6 Nxd4+ 53. Kc4 Re6 54. Qh7 Ne2 55. Qh8+ Kf7 56. Qxb8 1-0

[Event "Warsaw Legion Open"]
[Site "Warsaw POL"]
[Date "1990.??.??"]
[Round "?"]
[White "Kruza, Pawel"]
[Black "Stoinev, Metodi"]
[Result "0-1"]
[WhiteElo "2275"]
[BlackElo "2355"]
[PlyCount "100"]
[EventDate "1990.??.??"]
[Source "www.chesslib.no"]
[SourceDate "2004.05.04"]

1. e4 e5 2. Nf3 Nc6 3. Bc4 Bc5 4. b4 Bb6 5. a4 a6 6. Nc3 d6 7. Nd5 Ba7 8. d3 h6 9. h3 Nf6 10. c3 O-O 11. O-O Nxd5 12. Bxd5 Ne7 13. Bb3 Ng6 14. Be3 Qf6 15. Kh2 Nf4 16. Bxa7 Rxa7 17. Ng1 Be6 18. Bxe6 fxe6 19. g3 Ng6 20. Kg2 Raa8 21. Qd2 Rf7 22. Qe3 Raf8 23. b5 axb5 24. axb5 b6 25. c4 Rc8 26. Ra6 Nf8 27. Rfa1 Nd7 28. Ra8 Rxa8 29. Rxa8+ Kh7 30. Ne2 Nc5 31. f3 Rd7 32. d4 exd4 33. Nxd4 Rf7 34. Ra2 g6 35. Nc6 e5 36. Nb4 Ne6 37. Nd5 Qg7 38. f4 exf4 39. gxf4 g5 40. f5 Nc5 41. f6 Qg6 42. Re2 Ne6 43. Rf2 Nc5 44. e5 dxe5 45. Qxe5 Nd3 46. Qe8 Nxf2 47. Ne7 Qe4+ 48. Kg1 Qh1+ 49. Kxf2 Rxf6+ 50. Ke3 Qe1+ 0-1

[Event "JUG-chT"]
[Site "Vrnjacka Banja"]
[Date "1996.??.??"]
[Round "?"]
[White "Aleksic, Milan"]
[Black "Nestorovic, Dejan"]
[Result "0-1"]
[WhiteElo "2320"]
[BlackElo "2310"]
[PlyCount "114"]
[EventDate "1996.??.??"]
[Source "www.chesslib.no"]
[SourceDate "2004.05.04"]

1. e4 e5 2. Nf3 Nc6 3. Bc4 Bc5 4. b4 Bb6 5. a4 a6 6. c3 Nf6 7. d3 O-O 8. O-O d6 9. Nbd2 Be6 10. Bxe6 fxe6 11. Nc4 Ba7 12. Be3 Bxe3 13. fxe3 Qe7 14. b5 Nb8 15. b6 Nbd7 16. Rb1 Rac8 17. bxc7 Rxc7 18. Na5 b6 19. Nc4 Nxe4 20. Qb3 Nec5 21. Qc2 e4 22. dxe4 Nxe4 23. Nxb6 d5 24. Qd3 Nxb6 25. Rxb6 Rxc3 26. Qd4 Qc5 27. Rxe6 Rc4 28. Qxc5 Nxc5 29. Rd6 Rxa4 30. Rxd5 Ne4 31. Rd4 Rxd4 32. exd4 a5 33. Ra1 Ra8 34. Kf1 Kf7 35. Ke2 Ke6 36. Kd3 Kd5 37. Re1 Nf6 38. Re5+ Kd6 39. Re1 Nd5 40. g3 Rf8 41. Nd2 Nb4+ 42. Kc4 Rc8+ 43. Kb5 Nc2 44. Re4 Kd5 45. Rg4 Nxd4+ 46. Kxa5 Ne6 47. Rh4 h6 48. Rh5+ Kd4 49. Nf3+ Ke4 50. Nd2+ Kd3 51. Rd5+ Nd4 52. Nf3 Ke4 53. Rxd4+ Kxf3 54. Rb4 Kg2 55. Rh4 Rc1 56. Rg4 g5 57. h4 Kf3 0-1

[Event "Oberliga Nord O 0001"]
[Site "?"]
[Date "2001.??.??"]
[Round "?"]
[White "Babic Drasko"]
[Black "Liwak Przemyslaw"]
[Result "0-1"]
[WhiteElo "2305"]
[BlackElo "2315"]
[PlyCount "122"]
[EventDate "2001.??.??"]
[Source "www.chesslib.no"]
[SourceDate "2004.05.04"]

1. e4 e5 2. Nf3 Nc6 3. Bc4 Bc5 4. b4 Bb6 5. a4 a6 6. c3 Nf6 7. d3 O-O 8. Bg5 d6 9. Qb3 h6 10. h4 Qe7 11. Be3 Bxe3 12. fxe3 Nd8 13. Nbd2 c6 14. a5 Ne6 15. Qc2 Nc7 16. Bb3 d5 17. exd5 cxd5 18. O-O-O Bf5 19. e4 dxe4 20. Nxe4 Nxe4 21. dxe4 Bh7 22. Bd5 Rab8 23. Qf2 Rfc8 24. Kb2 Nb5 25. Rc1 Nd6 26. Nd2 Qc7 27. Qb6 Qd7 28. Rhf1 Nxe4 29. Bxf7+ Kh8 30. Nxe4 Bxe4 31. Rcd1 Qg4 32. Qe3 Rd8 33. Rxd8+ Rxd8 34. Bc4 Qxg2+ 35. Rf2 Qh1 36. Re2 Bg6 37. Qxe5 Qb1+ 38. Ka3 Qc1+ 39. Rb2 Rc8 40. Qd4 Qa1+ 41. Ra2 Qc1+ 42. Rb2 Bh7 43. Bb3 Qa1+ 44. Ra2 Qxc3 45. Rd2 Bg8 46. Qd3 Bxb3 47. Qxc3 Rxc3 48. Kb2 Rc2+ 49. Rxc2 Bxc2 50. Kxc2 g5 51. hxg5 hxg5 52. Kd3 Kg7 53. Kd4 g4 54. Kc5 g3 55. Kb6 g2 56. Kxb7 g1=Q 57. Kxa6 Kf7 58. b5 Qf1 59. Kb6 Ke7 60. a6 Kd7 61. a7 Qf3 0-1

[Event "Vikings Masters"]
[Site "York"]
[Date "1999.12.17"]
[Round "5"]
[White "Resika, Nathan A"]
[Black "Cooper, Lawrence"]
[Result "1/2-1/2"]
[WhiteElo "2251"]
[BlackElo "2350"]
[PlyCount "54"]
[EventDate "1999.12.13"]
[Source "ChessBase"]
[SourceDate "2000.01.11"]

1. e4 e5 2. Nf3 Nc6 3. Bc4 Bc5 4. b4 Bb6 5. a4 a5 6. b5 Nd4 7. Nxd4 Bxd4 8. c3 Bb6 9. d4 Qe7 10. O-O Nf6 11. Qd3 O-O 12. Nd2 d6 13. Ba3 Re8 14. f4 Qd8 15. Rae1 exd4 16. cxd4 d5 17. exd5 g6 18. Bc5 Bf5 19. Qf3 Nd7 20. Qa3 Qf6 21. Nf3 Nxc5 22. dxc5 Qd6 23. Kh1 Bxc5 24. Qc1 Ba3 25. Qd1 Bb4 26. Re5 Bc3 27. Nd4 Bxd4 1/2-1/2

[Event "Budapest Nuovo-B"]
[Site "Budapest HUN"]
[Date "1992.??.??"]
[Round "8"]
[White "Piroska, Istvan"]
[Black "Almasi, Istvan"]
[Result "0-1"]
[WhiteElo "2225"]
[BlackElo "2350"]
[PlyCount "48"]
[EventDate "1992.??.??"]
[Source "www.chesslib.no"]
[SourceDate "2004.05.04"]

1. e4 e5 2. Nf3 Nc6 3. Bc4 Bc5 4. b4 Bb6 5. a4 a6 6. Bb2 d6 7. b5 Na5 8. Ba2 Nf6 9. d4 Nxe4 10. Nbd2 Nxd2 11. Qxd2 e4 12. Ng5 d5 13. Ba3 h6 14. Nh3 Bxh3 15. gxh3 axb5 16. Rg1 Qf6 17. Qb4 Nc6 18. Qd2 Rxa4 19. Bxd5 Nxd4 20. Bxe4 Ba5 21. c3 Nf3+ 22. Bxf3 Bxc3 23. Bxb7 Bxd2+ 24. Kxd2 Qxf2+ 0-1

[Event "Yerevan ol (Men)"]
[Site "Yerevan"]
[Date "1996.??.??"]
[Round "10"]
[White "Berlinsky, Vladimir"]
[Black "Husari, Sate"]
[Result "1-0"]
[WhiteElo "2255"]
[BlackElo "2305"]
[PlyCount "77"]
[EventDate "1996.09.??"]
[Source "www.chesslib.no"]
[SourceDate "2004.05.04"]

1. e4 e5 2. Nf3 Nc6 3. Bc4 Bc5 4. b4 Bb6 5. a4 a6 6. Nc3 Nf6 7. Nd5 Nxd5 8. exd5 Nd4 9. Nxd4 Bxd4 10. Ra3 Bxf2+ 11. Kxf2 Qh4+ 12. Rg3 Qxc4 13. d3 Qxd5 14. Re1 d6 15. Rxg7 Bf5 16. Qh5 Qe6 17. d4 Bxc2 18. Qh4 e4 19. Kg1 Kd7 20. d5 Qxd5 21. Qh3+ Ke8 22. Qc3 Qc6 23. Qf6 Rf8 24. Bg5 Qd7 25. Rxh7 Qe6 26. Qxe6+ fxe6 27. Re7+ Kd8 28. Rc1 Re8 29. Rg7+ Kc8 30. Rxc2 c6 31. h4 d5 32. Rf2 e5 33. Rff7 Ra7 34. Bf6 Kb8 35. Bxe5+ Ka8 36. Bd4 e3 37. Bxe3 d4 38. Bxd4 c5 39. Bxc5 1-0

[Event "Budapest FS09 IM-A"]
[Site "Budapest"]
[Date "1999.09.10"]
[Round "7"]
[White "Resika, Nathan A"]
[Black "Husari, Sate"]
[Result "1-0"]
[WhiteElo "2251"]
[BlackElo "2307"]
[PlyCount "61"]
[EventDate "1999.09.05"]
[Source "www.chesslib.no"]
[SourceDate "2004.05.04"]

1. e4 e5 2. Nf3 Nc6 3. Bc4 Bc5 4. b4 Bb6 5. a4 a5 6. b5 Nd4 7. Nxd4 Bxd4 8. c3 Ba7 9. d4 Qf6 10. O-O d6 11. Be3 Be6 12. Na3 Nh6 13. Bxe6 Qxe6 14. d5 Qg6 15. Bxa7 Rxa7 16. b6 Ra8 17. Nb5 O-O 18. Nxc7 Rac8 19. f3 f5 20. Qd3 Rf7 21. Rab1 Qh5 22. Ne6 Qh4 23. c4 fxe4 24. Qxe4 Rxc4 25. Qxh4 Rxh4 26. Rfc1 Re7 27. Rc7 Kf7 28. Nd8+ Kf8 29. Nxb7 Rxc7 30. bxc7 Rc4 31. Nc5 1-0

[Event "Zuglo Hotel op 3rd"]
[Site "Budapest"]
[Date "1999.10.23"]
[Round "8"]
[White "Resika, Nathan A"]
[Black "Husari, Sate"]
[Result "1/2-1/2"]
[WhiteElo "2251"]
[BlackElo "2307"]
[PlyCount "78"]
[EventDate "1999.10.16"]
[Source "www.chesslib.no"]
[SourceDate "2004.05.04"]

1. e4 e5 2. Nf3 Nc6 3. Bc4 Bc5 4. b4 Bb6 5. a4 a6 6. Nc3 Nf6 7. d4 Bxd4 8. Nxd4 Nxd4 9. O-O d6 10. f4 Be6 11. Bxe6 fxe6 12. Be3 Nc6 13. b5 axb5 14. axb5 Rxa1 15. Qxa1 Ne7 16. fxe5 dxe5 17. Rd1 Qc8 18. Bc5 Ng6 19. b6 c6 20. Bd6 Kf7 21. Bc7 Rf8 22. Qa5 Kg8 23. Bxe5 Nxe5 24. Qxe5 Rd8 25. Rd3 Rxd3 26. cxd3 Qd8 27. d4 Qxb6 28. Qxe6+ Kh8 29. Qc8+ Ng8 30. Ne2 Qb1+ 31. Kf2 Qxe4 32. Qxb7 h6 33. Qb8 Kh7 34. Qf4 Qc2 35. Qc1 Qg6 36. Kg1 Qe4 37. Qd2 Ne7 38. Nc3 Qg4 39. Qd3+ Qf5 1/2-1/2

[Event "Camp. britannico 2008"]
[Site "Liverpool ING"]
[Date "2008.07.31"]
[Round "4"]
[White "Williamson, R."]
[Black "Horner, J."]
[Result "0-1"]
[WhiteElo "2169"]
[BlackElo "2372"]
[PlyCount "44"]
[EventDate "2008.07.28"]
[Source "www.chesslib.no"]
[SourceDate "2004.05.04"]

1. e4 e5 2. Nf3 Nc6 3. Bc4 Bc5 4. b4 Bb6 5. a4 a6 6. Bb2 d6 7. b5 axb5 8. axb5 Rxa1 9. Bxa1 Nce7 10. d3 Nf6 11. Nc3 O-O 12. O-O Bg4 13. h3 Bh5 14. Ne2 Bxf3 15. gxf3 Ng6 16. f4 exf4 17. Nd4 Bxd4 18. Bxd4 Ne5 19. Bxe5 dxe5 20. b6 c6 21. Qa1 Nd7 22. Rb1 f3 0-1

[Event "RUS-ch sf"]
[Site "Ufa"]
[Date "1999.??.??"]
[Round "10"]
[White "Chinchik, Yury"]
[Black "Zuev, Evgeny"]
[Result "0-1"]
[WhiteElo "2241"]
[BlackElo "2288"]
[PlyCount "80"]
[EventDate "1999.04.??"]
[Source "ChessBase"]
[SourceDate "1999.07.10"]

1. e4 e5 2. Nf3 Nc6 3. Bc4 Bc5 4. b4 Bb6 5. a4 a6 6. Nc3 Nf6 7. Nd5 Nxd5 8. exd5 Nd4 9. O-O Nxf3+ 10. Qxf3 d6 11. Qh5 O-O 12. Ra3 g6 13. Qh6 f5 14. Kh1 f4 15. Be2 Bf5 16. a5 Ba7 17. d3 Rf7 18. g3 Qd7 19. Kg2 f3+ 20. Bxf3 Raf8 21. Qh4 Bh3+ 22. Qxh3 Qxh3+ 23. Kxh3 Rxf3 24. Rc3 R8f7 25. Bg5 R3f5 26. Bd8 Bb8 27. f4 Rf8 28. Be7 Re8 29. g4 Rxf4 30. Rxf4 exf4 31. Bg5 Re5 32. Bd8 Re3+ 33. Kg2 f3+ 34. Kg3 Ba7 35. Rc4 f2+ 36. Kxf2 Re8+ 37. Kg3 Rxd8 38. Rxc7 Rf8 39. Rxb7 Rf7 40. Rxf7 Kxf7 0-1

[Event "MK Cafe Cup-B"]
[Site "Koszalin"]
[Date "1999.08.06"]
[Round "4"]
[White "Zawadzki, Stanislaw"]
[Black "Husari, Sate"]
[Result "0-1"]
[WhiteElo "2192"]
[BlackElo "2307"]
[PlyCount "40"]
[EventDate "1999.08.03"]
[Source "www.chesslib.no"]
[SourceDate "2004.05.04"]

1. e4 e5 2. Nf3 Nc6 3. Bc4 Bc5 4. b4 Bb6 5. a4 a6 6. Nc3 Nf6 7. Nd5 Nxd5 8. exd5 Nd4 9. Nxe5 d6 10. Ng4 f5 11. Ne3 f4 12. O-O fxe3 13. dxe3 Nf5 14. a5 Ba7 15. Bb2 O-O 16. Qd2 Qg5 17. Rae1 Nh4 18. f4 Rxf4 19. Rxf4 Qxf4 20. Qc3 Qg5 0-1

[Event "FRA-ch qual"]
[Site "Bescanon"]
[Date "1999.08.22"]
[Round "5"]
[White "Pujos, Stephane"]
[Black "Crut, Aurelien"]
[Result "1/2-1/2"]
[WhiteElo "2270"]
[BlackElo "2207"]
[PlyCount "37"]
[EventDate "1999.08.18"]
[Source "www.chesslib.no"]
[SourceDate "2004.05.04"]

1. e4 e5 2. Nf3 Nc6 3. Bc4 Bc5 4. b4 Bb6 5. a4 a5 6. b5 Nd4 7. Nxd4 Bxd4 8. c3 Bb6 9. d4 Qe7 10. O-O d6 11. Qd3 Nf6 12. Nd2 O-O 13. Ba3 Bg4 14. f4 Rfe8 15. fxe5 Qxe5 16. Rf2 Qh5 17. Bb3 Be6 18. Bxe6 Rxe6 19. h3 1/2-1/2

[Event "Kuopio Open"]
[Site "Kuopio"]
[Date "1992.??.??"]
[Round "5"]
[White "Pakkanen, Jukka"]
[Black "Trabert, Bettina"]
[Result "1-0"]
[WhiteElo "2330"]
[BlackElo "2145"]
[PlyCount "80"]
[EventDate "1992.07.??"]
[Source "www.chesslib.no"]
[SourceDate "2004.05.04"]

1. e4 e5 2. Nf3 Nc6 3. Bc4 Bc5 4. b4 Bb6 5. a4 a6 6. Ba3 d6 7. h3 Nf6 8. d3 O-O 9. O-O Ne7 10. Bb3 Ng6 11. c4 c5 12. Nc3 cxb4 13. Bxb4 Ba5 14. Bxa5 Qxa5 15. Ne2 Nh5 16. Qd2 Qxd2 17. Nxd2 Nhf4 18. Nxf4 Nxf4 19. Bc2 Bd7 20. a5 Bc6 21. Rfb1 f5 22. f3 Rf6 23. Kh2 Raf8 24. exf5 Rxf5 25. d4 Rg5 26. g3 Ne2 27. d5 Bd7 28. g4 Bc8 29. Rf1 Rf4 30. h4 Rgxg4 31. fxg4 Rxg4 32. Bf5 Rxh4+ 33. Kg2 Bxf5 34. Rxf5 Nf4+ 35. Kg1 Ne2+ 36. Kf2 Rh2+ 37. Ke3 Nd4 38. Raf1 Rh3+ 39. R5f3 Nxf3 40. Rxf3 Rxf3+ 1-0

[Event "CUB Ch sf"]
[Site "Villa Clara CUB"]
[Date "1995.??.??"]
[Round "2"]
[White "Leyva, Ricardo"]
[Black "Bezanilla, Alexis"]
[Result "1/2-1/2"]
[WhiteElo "2290"]
[BlackElo "2185"]
[PlyCount "111"]
[EventDate "1995.??.??"]
[Source "www.chesslib.no"]
[SourceDate "2004.05.04"]

1. e4 e5 2. Nf3 Nc6 3. Bc4 Bc5 4. b4 Bb6 5. a4 a6 6. Nc3 Nf6 7. Nd5 Nxe4 8. Qe2 Nd6 9. Nxe5 O-O 10. Nxc6 bxc6 11. Nxb6 cxb6 12. O-O a5 13. Ra3 axb4 14. Rg3 Nxc4 15. Qxc4 Ba6 16. Qg4 Qf6 17. d3 c5 18. Qxd7 Rfd8 19. Qg4 Rd4 20. Qe2 Rd5 21. Rf3 Re5 22. Qd1 Rf5 23. Bb2 Qg6 24. Re1 Bb7 25. Rg3 Rg5 26. Ree3 f6 27. Rxg5 Qxg5 28. Rg3 Qf5 29. Qe2 Kf7 30. Re3 Bc6 31. h3 Re8 32. Rxe8 Bxe8 33. c3 b3 34. d4 Qe6 35. Qxe6+ Kxe6 36. dxc5 bxc5 37. a5 Bb5 38. f3 Kd5 39. Kf2 Kc6 40. Ke3 Bc4 41. h4 Kb5 42. g4 Kxa5 43. f4 Kb5 44. Ke4 Kc6 45. g5 fxg5 46. fxg5 Kd6 47. Ba3 Ke6 48. Bb2 Kf7 49. Ke5 Be2 50. c4 Bxc4 51. Kd6 Be2 52. Kxc5 Kg6 53. Kb4 Bd1 54. Ka3 h5 55. gxh6 gxh6 56. Bc3 1/2-1/2

[Event "Ikaros 2003"]
[Site "?"]
[Date "2003.07.13"]
[Round "2"]
[White "Kulagin Maxim"]
[Black "Lekic Dusan"]
[Result "0-1"]
[WhiteElo "2056"]
[BlackElo "2416"]
[PlyCount "62"]
[EventDate "2003.??.??"]
[Source "www.chesslib.no"]
[SourceDate "2004.05.04"]

1. e4 e5 2. Nf3 Nc6 3. Bc4 Bc5 4. b4 Bb6 5. a4 a6 6. c3 Nf6 7. d3 d6 8. Nbd2 O-O 9. O-O Ne7 10. Bb3 Ng6 11. d4 Bg4 12. Qc2 Nh5 13. h3 Bxf3 14. Nxf3 Nhf4 15. a5 Ba7 16. Kh2 Qf6 17. Qd1 Nh4 18. Nxh4 Qxh4 19. Qf3 Ne6 20. g3 Qe7 21. d5 Nd8 22. Be3 Bxe3 23. Qxe3 f5 24. exf5 Rxf5 25. Bc2 Rf6 26. f4 Nf7 27. g4 Rf8 28. Kg2 g6 29. g5 Rxf4 30. h4 Rxh4 31. Rf6 Nxg5 0-1

[Event "La Habana (m/8)"]
[Site "?"]
[Date "1995.??.??"]
[Round "?"]
[White "Perez, J.C."]
[Black "Gonzalez, M.A."]
[Result "1-0"]
[WhiteElo "2245"]
[BlackElo "2215"]
[PlyCount "39"]
[EventDate "1995.??.??"]
[Source "ChessBase"]
[SourceDate "1995.02.01"]

1. e4 e5 2. Nf3 Nc6 3. Bc4 Bc5 4. b4 Bb6 5. a4 a6 6. Nc3 Nf6 7. Nd5 Nxd5 8. exd5 e4 9. dxc6 exf3 10. O-O O-O 11. Qxf3 dxc6 12. Bb2 Qxd2 13. Qg3 Qh6 14. a5 Ba7 15. Rae1 Bd7 16. Re7 Rad8 17. Rd1 Bf5 18. Bxf7+ Kh8 19. Rxd8 Rxd8 20. Bd5 1-0

[Event "It (cat.2) (b)"]
[Site "Budapest (Hungary)"]
[Date "2007.07.15"]
[Round "9"]
[White "Ravot Sylvain (FRA)"]
[Black "Adams Nick A (USA)"]
[Result "0-1"]
[WhiteElo "2238"]
[BlackElo "2218"]
[PlyCount "68"]
[EventDate "2007.??.??"]
[Source "www.chesslib.no"]
[SourceDate "2004.05.04"]

1. e4 e5 2. Nf3 Nc6 3. Bc4 Bc5 4. b4 Bb6 5. a4 a6 6. Nc3 d6 7. Nd5 Ba7 8. d3 h6 9. c3 Nf6 10. h3 Nxd5 11. Bxd5 Ne7 12. Bb3 Ng6 13. Qe2 Be6 14. Bc4 O-O 15. g4 d5 16. Ba2 Qd7 17. g5 h5 18. Be3 Qxa4 19. exd5 Bxd5 20. O-O Qc6 21. Bxd5 Qxd5 22. Ne1 Bxe3 23. fxe3 e4 24. Qg2 Rad8 25. Ra5 Qe6 26. d4 Rd5 27. Rxd5 Qxd5 28. Kh1 Qc4 29. Nc2 Nh4 30. Qf2 Nf3 31. Rd1 Qxc3 32. d5 Qe5 33. h4 Rd8 34. Rf1 Qxd5 0-1

[Event "It Open"]
[Site "Staffordshire ENG"]
[Date "1971.??.??"]
[Round "3"]
[White "Carleton, John J"]
[Black "Hommel Gerhard Dr"]
[Result "1/2-1/2"]
[WhiteElo "2200"]
[BlackElo "2240"]
[PlyCount "76"]
[EventDate "1971.??.??"]
[Source "www.chesslib.no"]
[SourceDate "2004.05.04"]

1. e4 e5 2. Nf3 Nc6 3. Bc4 Bc5 4. b4 Bb6 5. a4 a6 6. Bb2 d6 7. b5 axb5 8. axb5 Rxa1 9. Bxa1 Nd4 10. Bxd4 exd4 11. O-O Nf6 12. d3 O-O 13. c3 dxc3 14. Nxc3 Be6 15. Bxe6 fxe6 16. Na4 Ba7 17. b6 Bxb6 18. Nxb6 cxb6 19. Nd4 Re8 20. f4 b5 21. Kh1 Qb6 22. Nb3 e5 23. Qf3 Rf8 24. Qh3 exf4 25. Rxf4 d5 26. e5 Nd7 27. Rxf8+ Nxf8 28. Qf3 Qc6 29. h3 Ne6 30. Kh2 d4 31. Qf5 Qd5 32. Nd2 b4 33. Ne4 b3 34. Nd6 h6 35. Qf7+ Kh7 36. Qf5+ Kg8 37. Qf7+ Kh7 38. Qf5+ Kg8 1/2-1/2

[Event "FRA-chT U18"]
[Site "?"]
[Date "1996.??.??"]
[Round "?"]
[White "Rouchouse Stevens"]
[Black "Marcelin Cyril"]
[Result "1/2-1/2"]
[WhiteElo "2190"]
[BlackElo "2235"]
[PlyCount "51"]
[EventDate "1996.??.??"]
[Source "www.chesslib.no"]
[SourceDate "2004.05.04"]

1. e4 e5 2. Nf3 Nc6 3. Bc4 Bc5 4. b4 Bb6 5. a4 a6 6. Nc3 Nf6 7. Nd5 d6 8. d3 Nxd5 9. exd5 Nd4 10. c3 Nxf3+ 11. Qxf3 O-O 12. a5 Ba7 13. O-O Bd7 14. Be3 Bxe3 15. Qxe3 f5 16. f4 exf4 17. Qxf4 Qf6 18. d4 Rae8 19. Rae1 Rxe1 20. Rxe1 g5 21. Qf1 f4 22. Qe2 g4 23. Qe7 Qf5 24. Qe4 Qg5 25. Qe7 Qf5 26. Qe4 1/2-1/2

[Event "Goodricke op"]
[Site "Calcutta"]
[Date "1997.??.??"]
[Round "6"]
[White "Sandipan, Chanda"]
[Black "Joshi, GB."]
[Result "0-1"]
[WhiteElo "2130"]
[BlackElo "2285"]
[PlyCount "81"]
[EventDate "1997.02.??"]
[Source "ChessBase"]

1. e4 e5 2. Nf3 Nc6 3. Bc4 Bc5 4. b4 Bb6 5. a4 a6 6. O-O d6 7. c3 Nf6 8. d3 O-O 9. Nbd2 Ne7 10. Re1 c6 11. Bb3 Ng6 12. Nf1 h6 13. Ng3 Re8 14. Nf5 d5 15. Be3 Be6 16. Bxb6 Qxb6 17. a5 Qc7 18. c4 dxc4 19. dxc4 c5 20. Qd6 Rec8 21. Ra4 Qxd6 22. Nxd6 Rc7 23. bxc5 Nd7 24. Rb4 Nxc5 25. Bc2 Rd8 26. Nf5 f6 27. g3 Bxf5 28. exf5 Ne7 29. Rbb1 Nc6 30. Rbd1 Rcd7 31. Nh4 Nxa5 32. Rxd7 Rxd7 33. f4 Nxc4 34. Ng6 b5 35. fxe5 fxe5 36. Nxe5 Re7 37. Nd3 Rxe1+ 38. Nxe1 Kf7 39. g4 Ne5 40. h3 Kf6 41. Kf2 0-1

[Event "BEL-chT9899"]
[Site "Antwerp"]
[Date "1998.10.26"]
[Round "1"]
[White "Schuermans, Robert"]
[Black "Thirion, Marcel"]
[Result "1-0"]
[WhiteElo "2169"]
[BlackElo "2244"]
[PlyCount "77"]
[EventDate "1998.10.??"]
[Source "www.chesslib.no"]
[SourceDate "2004.05.04"]

1. e4 e5 2. Nf3 Nc6 3. Bc4 Bc5 4. b4 Bb6 5. a4 a6 6. O-O d6 7. c3 Nf6 8. d3 Bg4 9. Qb3 O-O 10. Nbd2 Qd7 11. a5 Ba7 12. b5 Nd8 13. b6 cxb6 14. axb6 Bb8 15. Ba3 Re8 16. Rfe1 Ne6 17. Bxe6 Bxe6 18. c4 Nh5 19. Nf1 Bg4 20. d4 Nf4 21. dxe5 dxe5 22. Rad1 Qc6 23. c5 Ne6 24. Qd5 Nd4 25. Nxd4 Qxd5 26. exd5 Bxd1 27. c6 bxc6 28. Nxc6 Ba4 29. b7 Ra7 30. Nxa7 Bxa7 31. Bd6 f6 32. Rc1 Bd7 33. Rc7 Bf5 34. Ne3 Be4 35. Rc8 Kf7 36. Ra8 Bxe3 37. Rxe8 Ba7 38. Ra8 Bxd5 39. Rxa7 1-0

[Event "Ljubljana op 11th"]
[Site "Ljubljana"]
[Date "2000.06.23"]
[Round "7"]
[White "Borisek, Jure"]
[Black "Crepan, Marjan"]
[Result "1/2-1/2"]
[WhiteElo "2099"]
[BlackElo "2292"]
[PlyCount "121"]
[EventDate "2000.06.17"]
[Source "ChessBase"]
[SourceDate "2000.07.11"]

1. e4 e5 2. Nf3 Nc6 3. Bc4 Bc5 4. b4 Bb6 5. a4 a6 6. Nc3 d6 7. Nd5 Ba7 8. d3 h6 9. c3 Nge7 10. Nxe7 Qxe7 11. Be3 Qf6 12. Nd2 Ne7 13. Qf3 Qg6 14. Qg3 Qf6 15. Qf3 Qg6 16. Qg3 f5 17. Qxg6+ Nxg6 18. Bxa7 Rxa7 19. g3 Rf8 20. Ke2 Bd7 21. a5 Rf6 22. Rhb1 c6 23. Bb3 Ke7 24. f3 Ra8 25. Rh1 Raf8 26. Raf1 Kd8 27. d4 Kc7 28. d5 Ne7 29. c4 g5 30. Bc2 h5 31. Bd3 f4 32. Rhg1 g4 33. gxf4 Rxf4 34. fxg4 Bxg4+ 35. Ke3 R8f6 36. Rxf4 exf4+ 37. Kd4 Ng6 38. c5 Ne5 39. Rc1 f3 40. cxd6+ Kxd6 41. Nc4+ Nxc4 42. Bxc4 Rf4 43. dxc6 bxc6 44. Bxa6 f2 45. Bf1 Bf5 46. Ke3 Rxe4+ 47. Kxf2 Rxb4 48. Ra1 Be4 49. a6 c5 50. a7 Ba8 51. Ra2 Rf4+ 52. Ke1 Kc7 53. Bg2 Bxg2 54. Rxg2 Ra4 55. Rg5 Kc6 56. Rxh5 Rxa7 57. Kd2 Ra6 58. Kc2 Kb5 59. Rg5 Kb4 60. Rg4+ c4 61. Kc1 1/2-1/2

[Event "FRA-chT2"]
[Site "?"]
[Date "2002.02.03"]
[Round "6.3"]
[White "Coulon Guillaume"]
[Black "Solakian Jerome"]
[Result "0-1"]
[WhiteElo "2110"]
[BlackElo "2280"]
[PlyCount "62"]
[EventDate "2002.??.??"]
[Source "www.chesslib.no"]
[SourceDate "2004.05.04"]

1. e4 e5 2. Nf3 Nc6 3. Bc4 Bc5 4. b4 Bb6 5. a4 a6 6. Nc3 Nf6 7. Bb2 d6 8. b5 axb5 9. Bxb5 Bd7 10. O-O O-O 11. h3 Nd4 12. Bxd7 Qxd7 13. d3 Qc6 14. Nd2 Ba5 15. Nc4 Bxc3 16. Bxc3 Nxe4 17. dxe4 Qxc4 18. Bxd4 exd4 19. a5 Rfe8 20. Qd3 Qxd3 21. cxd3 Kf8 22. Rfb1 Ra7 23. Rb5 Re5 24. Rab1 Rxb5 25. Rxb5 Ke7 26. Kf1 Kd7 27. Ke2 c6 28. Rb4 c5 29. Rb5 Kc6 30. Rb6+ Kc7 31. Rb5 Ra6 0-1

[Event "EST Ch women"]
[Site "?"]
[Date "2002.08.10"]
[Round "1"]
[White "Bashkite Viktoria"]
[Black "Piarnpuu Leili"]
[Result "1/2-1/2"]
[WhiteElo "2138"]
[BlackElo "2230"]
[PlyCount "60"]
[EventDate "2002.??.??"]
[Source "www.chesslib.no"]
[SourceDate "2004.05.04"]

1. e4 e5 2. Nf3 Nc6 3. Bc4 Bc5 4. b4 Bb6 5. a4 a6 6. Nc3 Nf6 7. Nd5 Nxe4 8. Qe2 Nd6 9. Nxb6 cxb6 10. Nxe5 O-O 11. Nxc6 dxc6 12. Ra3 Re8 13. Re3 Rxe3 14. dxe3 Nxc4 15. Qxc4 Be6 16. Qf4 Qd5 17. O-O Qf5 18. Qd4 c5 19. bxc5 bxc5 20. Qc3 b5 21. Bb2 f6 22. Rd1 bxa4 23. f3 c4 24. Ba3 Qb5 25. Rd6 Bf7 26. Kf2 Re8 27. Qd4 Qb1 28. Qd2 Qb5 29. Qd4 Qb1 30. Qd2 Qb5 1/2-1/2

[Event "Olomouc op"]
[Site "Olomouc"]
[Date "1998.??.??"]
[Round "9"]
[White "Aksiuczyc, Monika"]
[Black "Gutdeutsch, Otto"]
[Result "1-0"]
[WhiteElo "2155"]
[BlackElo "2165"]
[PlyCount "117"]
[EventDate "1998.08.??"]
[Source "www.chesslib.no"]
[SourceDate "2004.05.04"]

1. e4 e5 2. Nf3 Nc6 3. Bc4 Bc5 4. b4 Bb6 5. a4 a5 6. b5 Nce7 7. c3 Nf6 8. d4 exd4 9. e5 Nfd5 10. cxd4 d6 11. O-O h6 12. exd6 cxd6 13. Re1 O-O 14. Qb3 Be6 15. Ba3 Rc8 16. Nbd2 Qd7 17. Ne4 Bc7 18. Nc3 Nf4 19. d5 Bg4 20. Ne2 Neg6 21. Nxf4 Nxf4 22. Re4 Qf5 23. Qe3 Nxd5 24. Bxd5 Bxf3 25. Qxf3 Qxd5 26. Rd1 Qg5 27. Rg4 Qe7 28. Bb2 f6 29. h4 Rce8 30. Bc1 Kh8 31. Qxb7 d5 32. g3 Rf7 33. Qc6 Qe6 34. Qxe6 Rxe6 35. Rgd4 Bb6 36. Rxd5 Re2 37. Rf5 Re4 38. Rf4 Rfe7 39. Kf1 Bc5 40. Bd2 Rxf4 41. Bxf4 Re4 42. Rc1 Ba3 43. Rb1 g5 44. hxg5 hxg5 45. Bc7 Bc5 46. b6 Rxa4 47. b7 Ba7 48. b8=Q+ Bxb8 49. Rxb8+ Kg7 50. Ra8 Ra1+ 51. Ke2 a4 52. Ra6 Ra2+ 53. Ke3 Ra3+ 54. Ke4 g4 55. Bb6 Kg6 56. Bd4 Rf3 57. Rxa4 Rf5 58. Ra6 Rf3 59. Rxf6+ 1-0